01569nam a22003017a 4500952010800000999001900108005001700127008004100144020001500185050001500200100003600215245005900251250001800310260004000328300002100368336001000389337001400399338001200413490003100425500008300456500022000539504003900759505034800798519006101146650002701207650002601234942000701260 00102lcc4070a09b09d2016-11-26l1oHM131 R63p09 004394r2017-11-14s2017-11-14t1w2016-11-26yLB c101422d10142220231102152011.0161126s2012 mx ||||| |||| 00| 0 spa d a968426829714aHM131bR63 aDíaz Real, Mayraeautor9210010aIntegración de equiposc / Mauro Rodríguez Estrada a2a. edición30aMéxicob : Manual Modernoc, 2012 axi, 78 páginas atexto asin medio avolumen00aCapacitación Integralv3 aIncluye: contenido, introducción, objetivos generales y material audiovisual aVol. 1. Administración del tiempo Vol. 2. Relaciones humanas Vol. 3. Integración de equipos Vol. 7. Planeación de vida y trabajo Vol. 8. Manejo de problemas y toma de decisiones Vol. 9. Motivación al trabajo aContiene bibliografía (pp.75-76) aContenido: Los grupos en la vida del hombre Tipos de grupos: el grupo y el equipo El estudio científico de los grupos La dinámica grupal Estructuras y procesos de los grupos El individuo en el grupo El grupo como lugar óptimo de crecimiento personal Los equipos de trabajo Aspectos críticos en el proceso grupal El manejo de los grupos aMaterial Complementario / bPsicología / d(09 004394)10aSOCIALIZACIÓN 9116724aGRUPOS SOCIALES93373 cLB